000 00760nam a2200229 a 4500
999 _c11307
_d11307
001 11307
003 BD-JhCC
005 20190824103201.0
008 190624s20082017bg a|||| ||a| 000 0 ben d
020 _a9847016200410
035 _a(BD-JhCC)11307
040 _aBD-JhCC
_dBD-JhCC
041 _aben
082 _a891.4435
_bIQB 2017
100 _aইকবাল, মুহম্মদ জাফর
245 _aসাগরের যত খেলনা /
_cমুহম্মদ জাফর ইকবাল ।
260 _aঢাকা:
_bপার্ল পাবলিকেশন্স;
_c২০১৭.
300 _a২৪ পৃ. :
_bill;
_c২৬ সেমি.
650 _aShorts Story
_zBengali
942 _2ddc
_cBK